<?xml version="1.0" encoding="UTF-8"?>
<record
    xmlns:xsi="http://www.w3.org/2001/XMLSchema-instance"
    xsi:schemaLocation="http://www.loc.gov/MARC21/slim http://www.loc.gov/standards/marcxml/schema/MARC21slim.xsd"
    xmlns="http://www.loc.gov/MARC21/slim">

  <leader>02762cam a22003375a 4500</leader>
  <controlfield tag="001">14067162</controlfield>
  <controlfield tag="003">EG-ScBUE</controlfield>
  <controlfield tag="005">20221027091644.0</controlfield>
  <controlfield tag="008">050808r20082004gw a   f b    001 0 eng d</controlfield>
  <datafield tag="020" ind1=" " ind2=" ">
    <subfield code="a">9783791339924</subfield>
  </datafield>
  <datafield tag="035" ind1=" " ind2=" ">
    <subfield code="a">(OCoLC)ocm56605273</subfield>
  </datafield>
  <datafield tag="040" ind1=" " ind2=" ">
    <subfield code="a">BRL</subfield>
    <subfield code="b">eng</subfield>
    <subfield code="e">rda</subfield>
    <subfield code="c">BRL</subfield>
    <subfield code="d">TJC</subfield>
    <subfield code="d">OCLCQ</subfield>
    <subfield code="d">YBM</subfield>
    <subfield code="d">UKM</subfield>
    <subfield code="d">OCLCQ</subfield>
    <subfield code="d">BAKER</subfield>
    <subfield code="d">DLC</subfield>
    <subfield code="d">EG-ScBUE</subfield>
  </datafield>
  <datafield tag="082" ind1="0" ind2="4">
    <subfield code="a">720.483</subfield>
    <subfield code="2">22</subfield>
    <subfield code="b">LEP</subfield>
  </datafield>
  <datafield tag="100" ind1="1" ind2=" ">
    <subfield code="a">Lepik, Andres,</subfield>
    <subfield code="e">author.</subfield>
    <subfield code="9">5788</subfield>
  </datafield>
  <datafield tag="245" ind1="1" ind2="0">
    <subfield code="a">Sky scrapers /</subfield>
    <subfield code="c">Andres Lepik.</subfield>
  </datafield>
  <datafield tag="246" ind1="3" ind2=" ">
    <subfield code="a">Skyscrapers</subfield>
  </datafield>
  <datafield tag="250" ind1=" " ind2=" ">
    <subfield code="a">Revised edition.</subfield>
  </datafield>
  <datafield tag="264" ind1=" " ind2="1">
    <subfield code="a">Munich ;</subfield>
    <subfield code="a">New York :</subfield>
    <subfield code="b">Prestel,</subfield>
    <subfield code="c">2008.</subfield>
  </datafield>
  <datafield tag="300" ind1=" " ind2=" ">
    <subfield code="a">159 pages :</subfield>
    <subfield code="b">illustrations (chiefly color) ;</subfield>
    <subfield code="c">35 cm</subfield>
  </datafield>
  <datafield tag="336" ind1=" " ind2=" ">
    <subfield code="2">rdacontent</subfield>
    <subfield code="a">text</subfield>
    <subfield code="b">txt</subfield>
  </datafield>
  <datafield tag="337" ind1=" " ind2=" ">
    <subfield code="2">rdamedia</subfield>
    <subfield code="a">unmediated</subfield>
    <subfield code="b">n</subfield>
  </datafield>
  <datafield tag="338" ind1=" " ind2=" ">
    <subfield code="2">rdacarrier</subfield>
    <subfield code="a">volume</subfield>
    <subfield code="b">nc</subfield>
  </datafield>
  <datafield tag="504" ind1=" " ind2=" ">
    <subfield code="a">Includes bibliographical references and index.</subfield>
  </datafield>
  <datafield tag="505" ind1="0" ind2=" ">
    <subfield code="a">Reliance Building, Chicago -- Flatiron Building, New York -- Singer Tower, New York -- Woolworth Building, New York -- Chicago Tribune Tower, Chicago -- American Radiator Building, New York -- Chrysler Building, New York -- Empire State Building, New York -- Philadelphia Saving Fund Society Building, Philadelphia -- Rockefeller Center, New York -- Johnson Wax Research Tower, Racine -- 860-880 Lake Shore Drive Apartments, Chicago -- Lever House, New York -- Seagram Building, New York -- Torre Pirelli, Milan -- Radisson SAS Royal Hotel, Copenhagen -- Thyssenhaus, D&#xFFFD;usseldorf -- Marina City, Chicago -- Economist Building, London -- Australia Square, Sydney -- Lake Point Tower, Chicago -- John Hancock Center, Chicago -- Nakagin Capsule Tower, Tokyo -- Transamerica Pyramid, San Francisco -- World Trade Center, New York -- Sears Tower, Chicago -- Citicorp Center, New York -- National Commercial Bank, Jeddah -- AT &amp; T Headquarters, New York -- Lloyd's Building, London -- Hongkong and Shanghai Bank, Hong Kong -- Lipstick Building, New York -- Bank of China, Hong Kong -- Messeturm, Frankfurt / Main -- New Tokyo City Hall, Tokyo -- Menara Mesiniaga, Subang Jaya -- Commerzbank, Frankfurt / Main -- Petronas Towers, Kuala Lumpur -- Jin Mao Tower, Shanghai -- Burj al Arab Hotel, Dubai -- Highcliff &amp; The Summit, Hong Kong -- Swiss Re Headquarters, London -- Taipei Financial Center, Taipei -- Torre Agbar, Barcelona -- Turning Torso, Malm&#xFFFD;o -- Shanghai World Financial Center, Shanghai -- Central Chinese Television Headquarters, Beijing -- Burj Dubai, Dubai -- Freedom Tower, New York -- London Bridge Tower, London.</subfield>
  </datafield>
  <datafield tag="650" ind1=" " ind2="7">
    <subfield code="a">Skyscrapers.</subfield>
    <subfield code="2">BUEsh</subfield>
    <subfield code="9">5789</subfield>
  </datafield>
  <datafield tag="650" ind1=" " ind2="7">
    <subfield code="a">Architecture, Modern</subfield>
    <subfield code="y">20th century.</subfield>
    <subfield code="2">BUEsh</subfield>
    <subfield code="9">5790</subfield>
  </datafield>
  <datafield tag="653" ind1=" " ind2=" ">
    <subfield code="b">ENGARC</subfield>
  </datafield>
  <datafield tag="655" ind1=" " ind2=" ">
    <subfield code="v">Reading book</subfield>
  </datafield>
  <datafield tag="942" ind1=" " ind2=" ">
    <subfield code="2">ddc</subfield>
    <subfield code="c">BB</subfield>
  </datafield>
  <datafield tag="999" ind1=" " ind2=" ">
    <subfield code="c">11735</subfield>
    <subfield code="d">11735</subfield>
  </datafield>
  <datafield tag="952" ind1=" " ind2=" ">
    <subfield code="0">0</subfield>
    <subfield code="1">0</subfield>
    <subfield code="2">ddc</subfield>
    <subfield code="4">0</subfield>
    <subfield code="7">0</subfield>
    <subfield code="8">Alahram</subfield>
    <subfield code="a">MAIN</subfield>
    <subfield code="b">MAIN</subfield>
    <subfield code="c">2ND</subfield>
    <subfield code="d">2009-06-07</subfield>
    <subfield code="e">purchase</subfield>
    <subfield code="g">240.00</subfield>
    <subfield code="h">381</subfield>
    <subfield code="l">8</subfield>
    <subfield code="m">46</subfield>
    <subfield code="o">720.483 LEP</subfield>
    <subfield code="p">000016160</subfield>
    <subfield code="r">2025-07-15 00:00:00</subfield>
    <subfield code="s">2022-02-16</subfield>
    <subfield code="w">2009-06-07</subfield>
    <subfield code="y">BB</subfield>
  </datafield>
</record>
